000
00323 a2200157 4500
001
59961
020
_a
9783127687811
040
_c
Anchieta - Pituba
100
_a
Ur, Penny
240
1
0
_a
111 kurzrezepte
_l
por
245
1
0
_a
111 kurzrezepte
300
_a
110
362
0
_a
2008
650
4
_a
Língua alemã
942
_c
BK
999
_c
59961
_d
59961